| 000 | 00871cab a2200265 4500 | ||
|---|---|---|---|
| 001 | ABS57658 | ||
| 008 | 090401t1997 xxu||||| |||| 00| 0 eng d | ||
| 035 | _a(Sirsi) u81000 | ||
| 041 | _aeng | ||
| 100 | _aJohnston, B. | ||
| 245 | _aMuch more than just a pretty face | ||
| 260 | _c1997 | ||
| 350 | _a0 | ||
| 490 |
_aPlanning (for the Natural and Built Environment) _v(1231) 15 August 1997, 14-15(2) |
||
| 520 | _aExamines the pressures on Cornwall`s landscape for industrial, agricultural and residential development and considers how planners can help manage these changes. | ||
| 650 | _aAGRICULTURAL DEVELOPMENT | ||
| 650 | _aCORNWALL | ||
| 650 | _aINDUSTRIAL DEVELOPMENT | ||
| 650 | _aLOCAL DEVELOPMENT PLANS | ||
| 650 | _aPLANNERS | ||
| 650 | _aRESIDENTIAL DEVELOPMENT | ||
| 690 | _aPLANNING LAW AND PRACTICE | ||
| 942 | _n0 | ||
| 948 | _c22/09/1997 | ||
| 999 |
_c51029 _d51029 |
||